Movies Cut Off at E Quiz Stats

Quiz Updated Dec 3, 2012

Challenge
Share
Tweet
Embed
Score 0/30 Timer 05:00
3 Plays Today
Cut Off at E Movie Title % Correct
V FOR VV for Vendetta
92.4%
OF MICOf Mice and Men
89.4%
ORDINARY POrdinary People
88.3%
MINORITY RMinority Report
86.8%
GOODFGoodFellas
86.5%
CITY SLICKCity Slickers
85.3%
12 MONK12 Monkeys
85.3%
OLD YOld Yeller
83.9%
LOST IN AMLost in America
83.4%
ATONAtonement
83.2%
ANIMAL CRACKAnimal Crackers
83.1%
TOM JONTom Jones
82.5%
DAZDazed and Confused
76%
SON OF FRANKSon of Frankenstein
72.3%
FAST TIMFast Times at Ridgemont High
72.1%
Cut Off at E Movie Title % Correct
AMADAmadeus
70.3%
BORN YBorn Yesterday
67.7%
GRAND HOTGrand Hotel
66.5%
TALK TO HTalk to Her
65.3%
SOYLSoylent Green
51.7%
FAR FROM HFar from Heaven
50.2%
HOWARDSHowards End
50.1%
CAT PCat People
50%
GUARDING TGuarding Tess
48.2%
JOHNNY MNJohnny Mnemonic
47.1%
NATIONAL VNational Velvet
36.7%
FANNY AND ALFanny and Alexander
26.2%
WINGS OF DWings of Desire
26.1%
TOUCH OFTouch of Evil
25.2%
KIND HKind Hearts and Coronets
11.7%

You're not logged in!

Compare scores with friends on all Sporcle quizzes.
Sign Up with Email
OR
Log In

You Might Also Like...

Show Comments

Extras

Top Quizzes Today


Score Distribution

Your Account Isn't Verified!

In order to create a playlist on Sporcle, you need to verify the email address you used during registration. Go to your Sporcle Settings to finish the process.